History Quiz

Random History or Biography Quiz

Which Nobel Prize Did They Win? Quiz Stats

 Plays Quiz Updated Sep 14, 2017

Challenge
Share
Tweet
Embed
Score 0/15 Timer 07:00
4 Plays Today
Question Answer Wrong Answers
Dr. Martin Luther King, Jr.
1964
Peace
92%
Economics
0.8%
Literature
1.1%
Physiology or Medicine
0.6%
Theodore Roosevelt
1906
Peace
88.2%
Literature
4%
Physics
1.1%
Chemistry
0.9%
Rudyard Kipling
1907
Literature
86%
Peace
1.9%
Physiology or Medicine
3.3%
Economics
3%
Bob Dylan
2016
Literature
76%
Peace
16.4%
Economics
1.1%
Chemistry
1%
Erwin Schrödinger
1933
Physics
65.8%
Chemistry
8%
Economics
6%
Physiology or Medicine
14%
Alexander Fleming
1945
Physiology or Medicine
65.2%
Chemistry
23%
Peace
2.2%
Economics
3.7%
Frederik Willem de Klerk
1993
Peace
57.9%
Physiology or Medicine
15.2%
Economics
14.7%
Literature
6.3%
Gary Becker
1992
Economics
49.6%
Physics
14.8%
Chemistry
16.8%
Literature
12.2%
Selma Lagerlöf
1909
Literature
38.6%
Peace
12.6%
Chemistry
25%
Physics
17.2%
Konstantin Novoselov
2010
Physics
36.9%
Chemistry
29.2%
Economics
19.9%
Peace
7.3%
Knut Hamsun
1920
Literature
29.2%
Peace
14.2%
Physiology or Medicine
27.6%
Physics
22.3%
Lord Alexander Robertus Todd
1957
Chemistry
23.8%
Physics
13%
Economics
30.2%
Physiology or Medicine
26.3%
Walter Rudolf Hess
1949
Physiology or Medicine
23.3%
Chemistry
24.8%
Peace
23.5%
Economics
22.1%
Frank B. Kellogg
1929
Peace
22.2%
Physics
13.2%
Chemistry
50.3%
Literature
8.4%
Grameen Bank
2006
Peace
16.4%
Economics
51%
Physics
14.7%
Literature
11.5%

You're not logged in!

Compare scores with friends on all Sporcle quizzes.
OR
Log In

You Might Also Like...

Show Comments

Extras

Top Quizzes Today


Score Distribution

Your Account Isn't Verified!

In order to create a playlist on Sporcle, you need to verify the email address you used during registration. Go to your Sporcle Settings to finish the process.

Report this User

Report this user for behavior that violates our Community Guidelines.

Details: